000 00589nam a22001697a 4500
999 _c191420
_d191420
005 20220825160515.0
010 _aENG-134654
020 _c995.00
_a9789385493881
035 _aEN-118186
037 _bDBAD/PUB
082 _a954.035092
245 _aDr. Syama Prasad Mukherjee/
_cEdited by Harsharan Singh
260 _c2016
_bH. O. Rathore publication
_aU.P.
270 _bU.P.
_aBasement-260, Shaktikhand-III, indirapuram, ghaziabad
_e201010
_mrathorepublishers@gmail.com
300 _avii, 160p.
_c22cm(hbk)
_bBibliography, Index
942 _2ddc
_cEN
_h954.035092
_mSYA